000 00564nam a2200193Ii 4500
003 JO-AjNU
008 230605s9999||||xx |||||||||||||| ||und||
040 _aJO-AjNU
_bara
_erda
_cJO-AjNU
041 _aara
050 1 4 _aBP189.7 2008
100 3 _aد.م,
_eauthor
_940826
245 0 0 _aالوظيفة الشاذلية اليشرطية
264 3 1 _aد.م: د.ن، 2008
300 _a24ص
336 _atext
_btxt
_2rdacontent
337 _aunmediated
_bn
_2rdamedia
338 _avolume
_bnc
_2rdacarrier
650 4 _aالشاذلية- طرق صوفية
_940827
999 _aA17357
_c20925
_d20925